[Event "Niedersachsen-ch"]
[Site "Verden"]
[Date "2008.01.03"]
[Round "2"]
[White "Niehaus, Stephan"]
[Black "Von Muenchhausen, Joerg"]
[Result "1-0"]
[WhiteElo "2111"]
[BlackElo "1601"]
[PlyCount "67"]
[EventDate "2008.01.03"]
[EventType "swiss"]
[EventRounds "7"]
[EventCountry "GER"]
[SourceTitle "EXT 2010"]
[Source "ChessBase"]
[SourceDate "2010.11.25"]
[SourceVersion "1"]
[SourceVersionDate "2010.11.25"]
[SourceQuality "1"]

1. d4 d5 2. Bf4 Nf6 3. e3 Bf5 4. c4 c6 5. Nc3 e6 6. Qb3 Qb6 7. c5 Qxb3 8. axb3 Nbd7 9. h3 Be7 10. b4 0-0 11. Nf3 Ne4 12. Nxe4 Bxe4 13. Nd2 Bg6 14. Nb3 f6 15. b5 e5 16. Bg3 Rfc8 17. bxc6 bxc6 18. Ba6 Rcb8 19. Na5 Rxb2 20. Nxc6 Bf8 21. 0-0 Be4 22. Rfd1 h6 23. Rdc1 exd4 24. exd4 Rd2 25. Bb7 Re8 26. Rxa7 f5 27. Ne5 Nf6 28. c6 Bd6 29. c7 Bxc7 30. Rxc7 Rxd4 31. Bc6 Rxe5 32. Rxg7+ Kh8 33. Bxe5 Rd1+ 34. Kh2 1-0

[Event "Wichern op 4th"]
[Site "Hamburg"]
[Date "1997.??.??"]
[Round "1"]
[White "Niehaus, Stephan"]
[Black "Breutigam, Martin"]
[Result "1/2-1/2"]
[WhiteElo "2165"]
[BlackElo "2380"]
[PlyCount "97"]
[EventDate "1997.10.??"]
[EventType "swiss"]
[EventRounds "9"]
[EventCountry "GER"]
[SourceTitle "EXT 1998"]
[Source "ChessBase"]
[SourceDate "1997.11.17"]
[SourceVersion "1"]
[SourceVersionDate "1997.11.17"]
[SourceQuality "1"]

1. d4 d5 2. Bf4 c5 3. e3 Nc6 4. Nf3 Nf6 5. c3 Qb6 6. Qb3 c4 7. Qc2 Bf5 8. Qc1 e6 9. h3 Be7 10. Nbd2 0-0 11. Be2 h6 12. 0-0 Rfc8 13. Bd1 Qd8 14. Bc2 b5 15. Bxf5 exf5 16. Ne5 Nxe5 17. Bxe5 Bd6 18. Nf3 Ne4 19. Bxd6 Qxd6 20. Ne5 f6 21. Ng6 Kh7 22. Nf4 g5 23. Nh5 Kg6 24. g4 fxg4 25. hxg4 f5 26. Qd1 Qe6 27. f3 Nd6 28. Kg2 Rf8 29. Qc2 Rae8 30. Rae1 Kf7 31. Ng3 Kg8 32. gxf5 Nxf5 33. Nxf5 Qxf5 34. Qxf5 Rxf5 35. e4 dxe4 36. fxe4 Rxf1 37. Kxf1 Kf7 38. e5 Ke6 39. Kg2 Kd5 40. Rf1 b4 41. Rf6 bxc3 42. bxc3 Re6 43. Rxe6 Kxe6 44. Kf3 Kf5 45. Kg3 h5 46. Kh3 h4 47. Kg2 g4 48. Kf2 a6 49. a3 1/2-1/2

[Event "Balatonbereny op"]
[Site "Balatonbereny"]
[Date "1997.??.??"]
[Round "6"]
[White "Niehaus, Stephan"]
[Black "Czebe, Attila"]
[Result "0-1"]
[WhiteElo "2165"]
[BlackElo "2325"]
[PlyCount "128"]
[EventDate "1997.??.??"]
[EventType "swiss"]
[EventRounds "9"]
[EventCountry "HUN"]
[SourceTitle "EXT 2001"]
[Source "ChessBase"]
[SourceDate "2000.11.22"]
[SourceVersion "1"]
[SourceVersionDate "2000.11.22"]
[SourceQuality "1"]

1. d4 e6 2. Nf3 c5 3. e3 b6 4. Bd3 Bb7 5. 0-0 Nf6 6. Nbd2 Be7 7. b3 0-0 8. Bb2 cxd4 9. exd4 Nd5 10. Re1 Qc7 11. c4 Nf4 12. Bf1 Bb4 13. a3 Bxf3 14. Qxf3 Bxd2 15. Red1 Nxg2 16. Bxg2 Bf4 17. Qh3 Nc6 18. d5 Ne7 19. dxe6 Rfd8 20. Rxd7 Rxd7 21. exd7 Rd8 22. Rd1 Bd6 23. Be4 Ng6 24. Bf5 Bf8 25. Re1 Qc6 26. Rd1 h6 27. Qd3 Ne7 28. Be4 Qe6 29. Bg2 Ng6 30. Bh3 Qe7 31. Qd4 Nh4 32. Qd3 Qc5 33. b4 Qh5 34. Qd5 Nf3+ 35. Kg2 Ng5 36. Rd3 Nxh3 37. Rxh3 Qxd5+ 38. cxd5 Rxd7 39. Rd3 Bd6 40. h3 f6 41. Kf3 Kf7 42. b5 Rc7 43. Rb3 Rc2 44. Bd4 Rc4 45. Ke3 Ra4 46. Bb2 Bc5+ 47. Ke2 Re4+ 48. Kf3 Rc4 49. Bc3 Ke7 50. Bb4 Kd6 51. Rd3 Bxb4 52. axb4 Rh4 53. Ke2 Rxb4 54. Ra3 Re4+ 55. Kd3 Re7 56. Kd4 Rc7 57. Rg3 h5 58. h4 Rc5 59. Rxg7 Rxb5 60. Rxa7 Rb4+ 61. Ke3 Kxd5 62. Rb7 Ke5 63. Kf3 Kf5 64. Rh7 Rxh4 0-1

[Event "Balatonbereny op"]
[Site "Balatonbereny"]
[Date "1997.??.??"]
[Round "3"]
[White "Vujosevic, Vladimir"]
[Black "Niehaus, Stephan"]
[Result "1/2-1/2"]
[WhiteElo "2420"]
[BlackElo "2165"]
[PlyCount "79"]
[EventDate "1997.??.??"]
[EventType "swiss"]
[EventRounds "9"]
[EventCountry "HUN"]
[SourceTitle "EXT 2001"]
[Source "ChessBase"]
[SourceDate "2000.11.22"]
[SourceVersion "1"]
[SourceVersionDate "2000.11.22"]
[SourceQuality "1"]

1. e4 Nf6 2. e5 Nd5 3. d4 d6 4. c4 Nb6 5. exd6 exd6 6. Nc3 Be7 7. Nf3 0-0 8. Be2 Bg4 9. 0-0 c6 10. b3 d5 11. c5 Nc8 12. Be3 Nd7 13. h3 Bxf3 14. Bxf3 Bf6 15. b4 Re8 16. Qd3 Ne7 17. Rfd1 a6 18. a4 g6 19. g4 Nf8 20. b5 axb5 21. axb5 Ne6 22. Ra4 Rxa4 23. Nxa4 Qa5 24. Nb6 Bg7 25. bxc6 bxc6 26. Be2 Nc8 27. Nxc8 Rxc8 28. g5 Rb8 29. Bg4 Qa4 30. Bxe6 fxe6 31. Rb1 Rxb1+ 32. Qxb1 Qa8 33. f4 Kf7 34. Kf2 Bf8 35. Kf3 Be7 36. h4 Bf8 37. h5 Be7 38. h6 Bd8 39. Kg4 Bc7 40. Kf3 1/2-1/2

[Event "Dortmund op-A"]
[Site "Dortmund"]
[Date "1992.??.??"]
[Round "6"]
[White "Niehaus, Stephan"]
[Black "Bierbach, Utz Friedrich"]
[Result "1-0"]
[WhiteElo "2205"]
[BlackElo "2295"]
[PlyCount "37"]
[EventDate "1992.04.??"]
[EventType "swiss"]
[EventRounds "11"]
[EventCountry "GER"]
[SourceTitle "TD"]
[Source "ChessBase"]
[SourceDate "1994.03.01"]
[SourceVersion "1"]
[SourceVersionDate "1994.03.01"]
[SourceQuality "1"]

1. d4 Nf6 2. Nf3 e6 3. e3 d5 4. Bd3 Nbd7 5. 0-0 Bd6 6. Nbd2 0-0 7. Re1 c5 8. c3 Re8 9. e4 dxe4 10. Nxe4 Nxe4 11. Rxe4 Nf6 12. Rh4 c4 13. Bxc4 Qc7 14. Qd3 e5 15. dxe5 Bxe5 16. Bg5 g6 17. Nxe5 Qxe5 18. Be3 Bf5 19. Qd4 1-0

[Event "Dortmund op-A"]
[Site "Dortmund"]
[Date "1992.??.??"]
[Round "11"]
[White "Niehaus, Stephan"]
[Black "Hanko, Pavol"]
[Result "1-0"]
[WhiteElo "2205"]
[BlackElo "2270"]
[PlyCount "67"]
[EventDate "1992.04.??"]
[EventType "swiss"]
[EventRounds "11"]
[EventCountry "GER"]
[SourceTitle "TD"]
[Source "ChessBase"]
[SourceDate "1994.03.01"]
[SourceVersion "1"]
[SourceVersionDate "1994.03.01"]
[SourceQuality "1"]

1. d4 Nf6 2. Nf3 g6 3. Bf4 Bg7 4. e3 Nh5 5. Be5 f6 6. g4 fxe5 7. gxh5 exd4 8. exd4 c5 9. Nc3 cxd4 10. Nxd4 Qa5 11. hxg6 Qe5+ 12. Nce2 hxg6 13. Qd3 Nc6 14. Qxg6+ Kd8 15. 0-0-0 d6 16. c3 Bf6 17. Qg3 Bg5+ 18. f4 Qe4 19. Bg2 Nxd4 20. Rxd4 Qxe2 21. fxg5 Bf5 22. Rd2 Qa6 23. Qf2 Bc8 24. b3 Rg8 25. h4 Qa3+ 26. Kb1 a5 27. Qf7 Re8 28. g6 Qc5 29. g7 Bf5+ 30. Kb2 Kd7 31. Qxf5+ Qxf5 32. Bh3 e6 33. Bxf5 exf5 34. h5 1-0